书目信息 |
| 题名: |
新编电脑20用
|
|
| 作者: | 史斌星 , 史佳 编著 | |
| 分册: | ||
| 出版信息: | 北京 清华大学出版社 2005.6 |
|
| 页数: | 10,437页 | |
| 开本: | 26cm | |
| 丛书名: | ||
| 单 册: | ||
| 中图分类: | TP3 | |
| 科图分类: | ||
| 主题词: | 电子计算机--dian zi ji suan ji--基本知识 | |
| 电子资源: | ||
| ISBN: | 7-302-10947-8 | |
| 000 | 00844cam0 2200253 450 | |
| 001 | 012006048618 | |
| 005 | 20060329101010.1 | |
| 010 | @a7-302-10947-8@dCNY43.00(含光盘) | |
| 010 | @a7-89494-727-X@b光盘 | |
| 100 | @a20050716d2005 em y0chiy0121 ea | |
| 101 | 0 | @achi |
| 102 | @aCN@b110000 | |
| 105 | @ay z 000yy | |
| 200 | 1 | @a新编电脑20用@Axin bian dian nao 20 yong@f史斌星,史佳编著 |
| 210 | @a北京@c清华大学出版社@d2005.6 | |
| 215 | @a10,437页@d26cm@e光盘1片 | |
| 330 | @a本书介绍了计算机基本常识,Windows 2000的基本操作,怎样开机关机,怎样输入汉字,怎样收发电子邮件,怎样网上聊天等。 | |
| 606 | 0 | @a电子计算机@Adian zi ji suan ji@x基本知识 |
| 690 | @aTP3@v4 | |
| 701 | 0 | @a史斌星@Ashi bin xing@4编著 |
| 701 | 0 | @a史佳@Ashi jia@4编著 |
| 801 | 0 | @aCN@bSRXX@c20051205 |
| 801 | 2 | @aCN@bSRXX@c20060329 |
| 905 | @a10447@dTP3@eS570 | |
| 新编电脑20用/史斌星,史佳编著.-北京:清华大学出版社,2005.6 |
| 10,437页;26cm+光盘1片 |
| ISBN 7-302-10947-8:CNY43.00(含光盘) |
| 本书介绍了计算机基本常识,Windows 2000的基本操作,怎样开机关机,怎样输入汉字,怎样收发电子邮件,怎样网上聊天等。 |
| ● |
| 相关链接 |
|
|
|
正题名:新编电脑20用
索取号:TP3/S570
 
预约/预借
| 序号 | 登录号 | 条形码 | 馆藏地/架位号 | 状态 | 备注 |
| 1 | 549026 | 205490262 | 自科二线400A/400A自科库 4排2列3层/ [索取号:TP3/S570] | 在馆 | |
| 2 | 549027 | 205490271 | 自科二线400A/400A自科库 4排2列3层/ [索取号:TP3/S570] | 在馆 | |
| 3 | 549028 | 205490280 | 自科二线400A/400A自科库 4排2列3层/ [索取号:TP3/S570] | 在馆 |